000
00321nam a22001457a 4500
008
221122b ||||| |||| 00| 0 eng d
020
_a
9781133943389
041
_a
eng
080
_2
12 EDITION
_a
159.9
082
_a
159.9 CRO
100
_a
25
101
_a
PSI
245
_a
OUR SEXUALITY
_c
CROOKS R
942
_2
udc
_c
BK
999
_c
59000
_d
59000